<?xml version="1.0" encoding="UTF-8"?>
<marc:record xmlns:marc="http://www.loc.gov/MARC21/slim">
   <marc:leader>00000nam a2200000 a 4500</marc:leader>
   <marc:datafield ind1="1" ind2=" " tag="100">
      <marc:subfield code="a">Highsmith, Patricia</marc:subfield>
      <marc:subfield code="4">aut</marc:subfield>
      <marc:subfield code="e">Verfasser/-in</marc:subfield>
   </marc:datafield>
   <marc:datafield ind1="1" ind2=" " tag="100">
      <marc:subfield code="a">Rois, Sophie</marc:subfield>
   </marc:datafield>
   <marc:datafield ind1=" " ind2=" " tag="653">
      <marc:subfield code="a">Recital</marc:subfield>
   </marc:datafield>
   <marc:datafield ind1="0" ind2="0" tag="245">
      <marc:subfield code="a">Große Erzähler. Große Gefühle. 08. Der Schneckenforscher / Die Heldin [Tonträger]</marc:subfield>
   </marc:datafield>
   <marc:datafield ind1="0" ind2="0" tag="245">
      <marc:subfield code="b">Sophie Rois liest Highsmith</marc:subfield>
   </marc:datafield>
   <marc:datafield ind1=" " ind2="1" tag="264">
      <marc:subfield code="a">München</marc:subfield>
      <marc:subfield code="b">Süddeutsche Zeitung</marc:subfield>
      <marc:subfield code="c">2006</marc:subfield>
   </marc:datafield>
   <marc:datafield ind1="1" ind2=" " tag="490">
      <marc:subfield code="a">Süddeutsche Zeitung Bibliothek der Erzähler</marc:subfield>
      <marc:subfield code="v">08</marc:subfield>
   </marc:datafield>
   <marc:datafield ind1="1" ind2=" " tag="520">
      <marc:subfield code="a">In ihrem Werk "Der Schneckenforscher" versammelt Patricia Highsmith Erzählungen der Vereinsamung, des subtilen bis drastischen Schreckens, der uns aus einem harmlos erscheinenden Alltag entgentritt... "Die Heldin" erzählt von dem Kindermädchen Lucille Smith, das kein Geld für ihre Dienste erhalten und die Familie niemals verlassen möchte. Verbirgt sich dahinter ein Geheimnis?</marc:subfield>
   </marc:datafield>
   <marc:datafield ind1=" " ind2=" " tag="500">
      <marc:subfield code="a">Große Erzähler. Große Gefühle. 8.  -  Edition: Die SZ Bibliothek der Erzähler</marc:subfield>
   </marc:datafield>
   <marc:datafield ind1="0" ind2=" " tag="490">
      <marc:subfield code="v">0</marc:subfield>
   </marc:datafield>
   <marc:datafield ind1=" " ind2=" " tag="300">
      <marc:subfield code="a">1 CD (61 Min.) ; kartoniert</marc:subfield>
   </marc:datafield>
</marc:record>
